Hydraulische Pressen und Druckflüssigkeitsanlagen. Band 1, Schmiedepressen /
Gespeichert in:
| 1. Verfasser: | |
|---|---|
| Format: | Buch |
| Sprache: | Deutsch |
| Veröffentlicht: |
Berlin :
Springer,
1962
|
| Ausgabe: | 3. erweiterte Aufl. |
| Online-Zugang: |
|
| Tags: |
Tag hinzufügen
Keine Tags, Fügen Sie den ersten Tag hinzu!
|
MARC
| LEADER | 00000cam a2200000 4500 | ||
|---|---|---|---|
| 003 | SK-BrCVT | ||
| 005 | 20220618071541.0 | ||
| 008 | 081022s1962 gw e ||||||ger d | ||
| 035 | |a CVTIDW1464016 | ||
| 040 | |b slo |a CVTI SR |e AACR2 | ||
| 041 | 0 | |a ger | |
| 044 | |a gw | ||
| 100 | 1 | |a Müller, Ernst |4 aut | |
| 245 | 1 | 0 | |a Hydraulische Pressen und Druckflüssigkeitsanlagen. |n Band 1, |p Schmiedepressen / |c Ernst Müller |
| 250 | |a 3. erweiterte Aufl. | ||
| 260 | |a Berlin : |b Springer, |c 1962 | ||
| 300 | |a 7, 293 s. | ||
| 910 | |b A282492 | ||
| 974 | |f Knihy | ||
| 992 | |a AMG | ||
| 999 | |c 178815 |d 178815 | ||